LEADER 01161nam a2200241 4500 001 000000358189 003 CaOOAMICUS 005 20250924104215.0 008 240502s2009 it a 000 u ita r 040 $aSeMil$bita 100 1 $aColombo, Stefano,$c.$0(OLS)http://semarc/name/71415 245 13$aIl Corpo musicale di San Pietro all'Olmo /$cStefano Colombo ; [premessa di Riccardo Muti]. 264 1$a[S.l. :$bs.n.],$cstampa 2008$e(Bernate Ticino :$fBlueprint) 300 $a157 p. :$bill. ;$c31 cm 500 $aA piè del front.: In occasione del centoquindicesimo anniversario di fondazione del Corpo musicale (1894-2009) 650 4$aCornaredo - San Pietro all'Olmo - Corpo musicale.$0(OLS)http://semarc/subject/55605 700 1 $aMuti, Riccardo,$d<1941- >.$0(OLS)http://semarc/name/8679 850 $aSeMil 852 $aSeMil$W1$xVenegono$y1$m3P VI 2$j250010$B249307$CSeMilBibl$Z2$F249307 $81 961 $aOmaggio dell'autore 996 $6245$aIl Corpo musicale di San Pietro all'Olmo$9(OLS)http://semarc/title/448492 996 $6264$a[S.l. :$bs.n.]$9(OLS)http://semarc/publisher/29751 LEADER 00730nam a2200193 i 4500 001 000000200420 003 CaOOAMICUS 005 20110409000000.0 008 110409s1952 it u000 u fre u 013 $a179119 040 $aSeMil$bita 245 12$aL'habitat. Conclusion général. 300 $a499 p. :$bill. 500 $aIn mezzo al front : avec 32 cartes et figures. 700 1 $aSorre, Max.$0(OLS)http://semarc/name/10953 773 0 $aSorre, Max$tFondements de la géographie humaine.$dParis : Armand Colin, 1948-1952.$gTome3$w()24718 850 $aSeMil 852 $aSeMil$W1$xVenegono$y1$m3XG III 7$j150949$B150949$CSeMilBibl$Z2$F162257 $81 996 $6245$aL'habitat. Conclusion général$9(OLS)http://semarc/title/289829